01008 2200277 4500001002100000005001500021035002000036007000300056008003900059100002100098245006100119300003900180020002200219082001200241084002100253250003100274264004200305336002100347337003000368338002300398490002300421520022400444650002000668700002600688990001600714INLIS00000000004430620221020101200 a0010-1022000018ta221020 b j | 0 aBagong Soebardjo1 aKonser kodhok /cBagong Soebardjo; editor, Yulia Loekito a24 halaman :bilustrasi ;c21,5 cm a978-623-7615-21-7 a398.245 aSR 398.245 BAG k aBabaran kapisan April 2020 aYogyakarta :bLingkarantarnusa,c2020 2rdacontentateks 2rdamediaatanpa perantara 2rdacarrieravolume aSeri Dongeng Bocah aIng sendhang ana konser. "Theot,theot,"Theot miwiti. "Theblung,theblung,theblung," Theblung nyahut. "Kung, kung-kung,kuuung," Kungkung nyambung. "Kong-kong-kong,kooong," Kongkong ngewangi. Sapa arep melu ngrungoke? 4aCerita binatang0 aYulia Loekitoeeditor a50967.63787